000 01382nam0a22003611 4500
001 rc\2222722
005 20110826154254.1
035 _a(NLR Aleph) 006528568
090 _a6508361
_c6508361
100 _a20110826d1979 |||y0rusy50 ca
101 0 _arus
102 _aRU
105 _aa z |||||
200 1 _aСборник задач по дифференциальной геометрии
_e[По спец. "Математика"
_fИ.В. Белько, В.И. Ведерников, В.Т. Воднев и др.]
_gПод ред. А.С. Феденко
205 _a2-е изд., перераб.
210 _aМосква
_cНаука
_d1979
215 _a272 с.
_cил.
_d21
300 _aАвт. указаны на обороте тит. л.
320 _aПредм. указ.: с. 266-272
606 _aДифференциальная геометрия
_jЗадачи
_2psbo
686 _aВ181.22я73-4
_2rubbk
686 _a22.151
_2rubbk
701 1 _aВедерников
_bВ. И.
701 1 _aВоднев
_bВ. Т.
701 1 _aБелько
_bИ. В.
_gИван Васильевич
702 1 _aФеденко
_bА. С.
_gАнатолий Семенович
_4340
801 0 _aRU
_bNLR
_gpsbo
801 1 _aRU
_bELAR
_2rusmarc
852 _aNLR
_j79-3/8707
899 _aRuMoRGB
_jБ 79-26/35
899 _aRuMoRGB
_jБ 79-26/36
942 _cBOOK
980 _aNB